03120nam a2200409 u 4500001000800000005001700008007001000025008004100035035001200076040001300088041000800101080000900109082000800118100003500126245012000161260004300281300001300324520181200337650005202149650002402201650002902225650002702254650002702281650003102308650003202339650002902371650003502400650002502435650002002460650004302480700003802523700005002561700004102611700003802652502001202690526000802702120398120260508065949.0co|||||||100616s2009 spa  a1203981 ccomduadb aspa aQ/CD 4a36110aMolina Garcia, Helen4auteaut10aAtencion integral a las familias desplazadas provenientes del Choco asentadas en Medellin con base en la ley 387/97 aMedellín :b[sin publicador],c2009. a1 CD-ROM3 aEste trabajo de grado analizó la atención integral a las familias desplazadas provenientes del Chocó asentadas en Medellín, con base en la Ley 387 de 1997. Se realizó por un interés de conocer la manera cómo se restablecen sus derechos desde la atención integral. Una de las categorías más importantes data de la cultura chocoana, de la cual provienen gran número de desplazados asentados en Medellín, y los aspectos que se tuvieron en cuenta fueron: Costumbres, ideologías, tradiciones y rituales, así mismo el desarrollo de cada uno de estos describió características como: la alimentación, la socialización, los medios de empleo, entre otros, con los que contaban antes de desplazarse a la ciudad. La segunda categoría se basó en las características familiares de los chocoanos y la forma en que cambiaron y transformaron después del desplazamiento. Identificando entonces la estructura y el funcionamiento en su interior, al igual que la población con mayor vulnerabilidad (mujeres embarazadas, adultos y adultas mayores, niños y niñas). La última categoría describió y analizó la atención integral basada en la ley 387/97 desde el restablecimiento de los derechos humanos, civiles y políticos. En este sentido se incluyó todo lo referente a la prevención, atención de emergencia, atención, protección, reubicación, consolidación socioeconómica y retorno a su población de origen. Por último se dan a conocer algunas consideraciones importantes desde Trabajo Social para favorecer más efectivamente la restitución de los derechos de las familias desplazadas del Chocó, algunas recomendaciones y conclusiones que surgieron a partir de la investigación para nutrir otras posteriores referentes al mismo tema.  aAtención integral a la población desplazada aAtención integral 7aMulticulturalismo2embne 7aDerechos humanos2lemb 7aDerechos civiles2lemb 7aDerechos políticos2lemb aPrevención de emergencias aAtención a desplazados aTrabajo social con desplazados aChocoanos (Colombia) aLey 387 de 1997 7aAntropología de la educación2lemb10aOtero Vega, Norma Elena4auteaut10aRodriguez Pineda, Bibiana Alexandra4auteaut10aAguirre Osorio, Luz Edilma4thseths10aAgudelo Gil, Luz Miriam4thseths b107c12 a108